[Event "FIDE Online Olympiad"]
[Site "Chess.com"]
[Date "2020.08.22"]
[EventDate "2020.08.21"]
[Round "6"]
[Result "1-0"]
[White "Marta Garcia Martin"]
[Black "Florence Rollot"]
[WhiteElo "2097"]
[BlackElo "1944"]
[Source "Chess-Results"]
[PlyCount "105"]

1. e4 d5 2. exd5 Qxd5 3. Nc3 Qa5 4. d4 Nf6 5. Bc4 Bg4 6. f3
Bf5 7. Ne2 e6 8. O-O Nc6 9. Bb5 O-O-O 10. Bxc6 bxc6 11. Bd2 c5
12. Ne4 Qb6 13. dxc5 Bxc5+ 14. Nxc5 Qxc5+ 15. Rf2 Rd7 16. Qe1
Rhd8 17. Bb4 Qxc2 18. Nd4 Qc4 19. Nxf5 exf5 20. Bc3 Qc5
21. Bxf6 gxf6 22. Kf1 Qb5+ 23. Kg1 Qa4 24. b3 Qd4 25. Rc1 Qb6
26. Kf1 Qb5+ 27. Kg1 Qe5 28. Re2 Qd4+ 29. Qf2 Qf4 30. Rce1 Kb7
31. g3 Qd4 32. Qxd4 Rxd4 33. Re7 R8d7 34. Rxd7 Rxd7 35. Re2
Kc6 36. Kg2 Kc5 37. Kf2 Kb4 38. Rc2 c5 39. Rc4+ Kb5 40. Ke3
Rd5 41. Rh4 a5 42. a4+ Kb6 43. Rxh7 Rd7 44. Rh6 Rd6 45. h4 Kc7
46. h5 Rb6 47. Kf4 Rxb3 48. Rxf6 Rb4+ 49. Kg5 Rxa4 50. h6 Ra1
51. h7 Rh1 52. Rh6 f6+ 53. Kg6 1-0

[Event "FIDE Online Olympiad"]
[Site "Chess.com"]
[Date "2020.08.22"]
[EventDate "2020.08.21"]
[Round "6"]
[Result "1-0"]
[White "Shakhriyar Mamedyarov"]
[Black "Rinat Jumabayev"]
[WhiteElo "2761"]
[BlackElo "2562"]
[Source "Chess-Results"]
[PlyCount "99"]

1. d4 e6 2. c4 d5 3. Nc3 Nf6 4. cxd5 exd5 5. Bg5 c6 6. e3 Be7
7. Bd3 Nbd7 8. Nge2 Nf8 9. f3 Ne6 10. Bh4 O-O 11. O-O Re8
12. a3 a5 13. Rc1 g6 14. Bf2 b5 15. Kh1 Bd7 16. Bg1 b4
17. axb4 axb4 18. Na4 Qa5 19. b3 c5 20. Nxc5 Nxc5 21. dxc5
Bxc5 22. Nd4 Nh5 23. e4 Bb6 24. Qd2 dxe4 25. fxe4 Rad8 26. Qe2
Qa7 27. Ra1 Qc7 28. Bc4 Re7 29. Rad1 Rde8 30. Qf3 Kg7 31. Nf5+
Bxf5 32. exf5 f6 33. fxg6 Bxg1 34. Qxh5 hxg6 35. Qh4 Bxh2
36. Qxf6+ Kh6 37. Qh4+ Kg7 38. Qf6+ Kh6 39. Bf7 Rxf7 40. Qxf7
Re7 41. Qf8+ Kh5 42. Qf3+ Kg5 43. Qf6+ Kh5 44. Rd5+ Be5
45. Re1 Rh7 46. Qxe5+ Kg4+ 47. Kg1 Rh1+ 48. Kxh1 Qh7+ 49. Kg1
Qh1+ 50. Kxh1 1-0

[Event "FIDE Online Olympiad"]
[Site "Chess.com"]
[Date "2020.08.22"]
[EventDate "2020.08.21"]
[Round "6"]
[Result "1-0"]
[White "Guliskhan Nakhbayeva"]
[Black "Gulnar Mammadova"]
[WhiteElo "2270"]
[BlackElo "2400"]
[Source "Chess-Results"]
[PlyCount "113"]

1. d4 g6 2. c4 Bg7 3. e4 d6 4. Nc3 e5 5. d5 f5 6. exf5 Bxf5
7. Nge2 Nf6 8. Ng3 O-O 9. Bd3 Bxd3 10. Qxd3 Nbd7 11. Bg5 Nc5
12. Qc2 a5 13. h4 Qd7 14. h5 Nxh5 15. Nxh5 gxh5 16. Rxh5 e4
17. Be3 Nd3+ 18. Kd2 Qg4 19. Rah1 Nxf2 20. R1h4 Qxg2 21. Rh2
Qf1 22. Nxe4 Ng4 23. Ng3 Nxh2 24. Qxh7+ Kf7 25. Nxf1 Nxf1+
26. Kd3 Nxe3 27. Rg5 Rg8 28. Kxe3 Rae8+ 29. Kd3 Re5 30. Qg6+
Kf8 31. Rf5+ Rxf5 32. Qxf5+ Ke7 33. Qe6+ Kf8 34. Qc8+ Kf7
35. Qxc7+ Kg6 36. Qxd6+ Bf6 37. Qg3+ Kh7 38. Qh3+ Kg6 39. Qe6
Rh8 40. d6 Kg7 41. b3 Rh1 42. Qg4+ Kf7 43. Qd7+ Kg6 44. Qe8+
Kg7 45. c5 Rd1+ 46. Kc4 Rd4+ 47. Kb5 Rb4+ 48. Kxa5 Bc3
49. Qe7+ Kg6 50. Qe6+ Kg7 51. Qe3 Rc4+ 52. Kb6 Rb4+ 53. Kc7
Bf6 54. d7 Rg4 55. d8=Q Bxd8+ 56. Kxd8 Rg2 57. Qe5+ 1-0

[Event "FIDE Online Olympiad"]
[Site "Chess.com"]
[Date "2020.08.22"]
[EventDate "2020.08.21"]
[Round "6"]
[Result "1-0"]
[White "Benjamin Gledura"]
[Black "Viktor Gazik"]
[WhiteElo "2619"]
[BlackElo "2438"]
[Source "Chess-Results"]
[PlyCount "129"]

1. Nf3 Nf6 2. g3 g6 3. b3 Bg7 4. Bb2 O-O 5. Bg2 d6 6. d4 c5
7. c4 cxd4 8. Nxd4 a5 9. Nc3 Na6 10. O-O Nc5 11. a3 Qb6
12. Ndb5 Be6 13. Rb1 Rfc8 14. Nd4 Bd7 15. Ba1 Bc6 16. Nxc6
bxc6 17. Qc2 Na6 18. Na4 Qb7 19. c5 dxc5 20. Nxc5 Nxc5
21. Qxc5 Nd5 22. Bxg7 Kxg7 23. Rfc1 e6 24. e4 Nf6 25. Qe5 Ra6
26. Rc5 Rb6 27. Rc3 Rb5 28. Qd4 Qe7 29. Bf1 Rbb8 30. Rc5 Kg8
31. Rxa5 c5 32. Qe5 Nd7 33. Qc3 Rc7 34. b4 Qd6 35. Ra6 Qe7
36. b5 c4 37. Rc1 Nc5 38. Rc6 Rxb5 39. Rxc7 Qxc7 40. Qxc4 Ra5
41. Qb4 Qa7 42. Qd4 h5 43. a4 Kh7 44. Bb5 Nb3 45. Qxa7 Rxa7
46. Rc3 Nd4 47. Kg2 Kg7 48. Rc4 e5 49. f4 f6 50. Kf2 Ra5
51. Rb4 g5 52. fxe5 fxe5 53. Rb2 g4 54. Ke3 Ra8 55. Kd3 Nf3
56. Kc4 Kf6 57. Kb4 Kg5 58. a5 h4 59. a6 Nxh2 60. Rxh2 hxg3
61. Ra2 Kf4 62. Bf1 Rb8+ 63. Kc5 Rc8+ 64. Kb6 Rc1 65. Bg2 1-0

[Event "FIDE Online Olympiad"]
[Site "Chess.com"]
[Date "2020.08.22"]
[EventDate "2020.08.21"]
[Round "6"]
[Result "1-0"]
[White "Adam Kozak"]
[Black "Samir Sahidi"]
[WhiteElo "2438"]
[BlackElo "2380"]
[Source "Chess-Results"]
[PlyCount "129"]

1. Nf3 Nf6 2. c4 c5 3. g3 g6 4. Bg2 Bg7 5. O-O O-O 6. d4 d6
7. Nc3 Nc6 8. dxc5 dxc5 9. Bf4 Be6 10. Ne5 Nxe5 11. Bxe5 Qxd1
12. Rfxd1 Nh5 13. Bxg7 Nxg7 14. Nd5 Nf5 15. Nc7 Bxc4 16. Nxa8
Rxa8 17. e3 Nd6 18. Rdc1 Rc8 19. Bxb7 Rb8 20. b3 Rxb7 21. bxc4
Rb2 22. f3 Nf5 23. Re1 h5 24. a3 Kg7 25. Rab1 Ra2 26. Rb5 Rxa3
27. Kf2 Rc3 28. Rxc5 a5 29. Rxa5 Rxc4 30. Re2 Rc3 31. Rd5 e6
32. Rd7 g5 33. e4 Nh6 34. Rdd2 Rb3 35. Re3 Rb1 36. Rc3 Rb4
37. Rc5 Kg6 38. Re5 Kf6 39. Rc5 Kg6 40. Re2 Rb6 41. Rc3 e5
42. Rec2 f6 43. Rc6 Rb3 44. R6c3 Rb6 45. Kg2 g4 46. h3 gxf3+
47. Kxf3 Nf7 48. Rc4 Ng5+ 49. Kg2 Rb3 50. h4 Nf7 51. Rc6 Nh6
52. Rc8 Ng4 53. R2c7 Rb2+ 54. Kf1 Nh6 55. Rh8 Rb1+ 56. Ke2
Rb2+ 57. Ke1 Rb1+ 58. Kd2 Rb3 59. Rhh7 f5 60. Rhg7+ Kf6
61. Rg5 Rb6 62. Rxh5 Kg6 63. Rg5+ Kf6 64. Rcg7 Rb2+ 65. Kc1
1-0

[Event "FIDE Online Olympiad"]
[Site "Chess.com"]
[Date "2020.08.22"]
[EventDate "2020.08.21"]
[Round "6"]
[Result "1-0"]
[White "Daniel Barrish"]
[Black "Vassily Ivanchuk"]
[WhiteElo "2183"]
[BlackElo "2686"]
[Source "Chess-Results"]
[PlyCount "40"]

1. d4 Nf6 2. c4 e6 3. Nc3 Bb4 4. f3 O-O 5. a3 Bxc3+ 6. bxc3 d6
7. e4 e5 8. Bd3 Nc6 9. Ne2 Nd7 10. Be3 b6 11. g4 Ba6 12. Ng3
Na5 13. Qe2 Re8 14. h4 Nf8 15. d5 Qd7 16. a4 Nb3 17. Ra3 Nc5
18. Bc2 c6 19. h5 Qc7 20. g5 Rac8 1-0

[Event "FIDE Online Olympiad"]
[Site "Chess.com"]
[Date "2020.08.22"]
[EventDate "2020.08.21"]
[Round "6"]
[Result "1-0"]
[White "Natalia Zhukova"]
[Black "Michelle M Fisher"]
[WhiteElo "2312"]
[BlackElo "1725"]
[Source "Chess-Results"]
[PlyCount "101"]

1. c4 Nf6 2. Nc3 d5 3. cxd5 Nxd5 4. Nf3 g6 5. e4 Nb6 6. d4 Bg7
7. Be3 c6 8. h3 N8d7 9. a4 a5 10. Qb3 O-O 11. Rd1 Nf6 12. d5
Nbd7 13. dxc6 bxc6 14. e5 Ne8 15. e6 fxe6 16. Ng5 Nc7 17. Bc4
Qe8 18. Bxe6+ Nxe6 19. Qxe6+ Kh8 20. Qxc6 Rb8 21. Ne6 Nf6
22. Qxe8 Rxe8 23. Nxg7 Kxg7 24. Rd2 Ba6 25. f3 Rb7 26. Kf2
Reb8 27. Rb1 Rc8 28. Bd4 Kf7 29. Nb5 Bxb5 30. axb5 Rxb5
31. Re1 Rcb8 32. Re5 Rxe5 33. Bxe5 Rb7 34. g4 Nd7 35. Bc3 a4
36. Rd5 e6 37. Ra5 Nb6 38. Rb5 Rb8 39. Be5 Rb7 40. Bd4 Rd7
41. Bxb6 Rd2+ 42. Kg3 Rd3 43. Bc5 Rd5 44. Rb7+ Kf6 45. Bb4 h5
46. Bc3+ e5 47. f4 Rd3+ 48. Kh4 a3 49. Bxe5+ Ke6 50. bxa3 Rxa3
51. Rg7 1-0

[Event "FIDE Online Olympiad"]
[Site "Chess.com"]
[Date "2020.08.22"]
[EventDate "2020.08.21"]
[Round "6"]
[Result "1-0"]
[White "Nadiia Shpanko"]
[Black "Sonia Modi"]
[WhiteElo "2069"]
[BlackElo "1959"]
[Source "Chess-Results"]
[PlyCount "117"]

1. d4 Nf6 2. c4 e6 3. Nc3 Bb4 4. Qc2 O-O 5. Nf3 d5 6. Bg5 Nbd7
7. e3 h6 8. Bh4 c5 9. a3 Qa5 10. Rc1 Bxc3+ 11. Qxc3 Qxc3+
12. bxc3 Ne4 13. Bd3 b6 14. cxd5 exd5 15. Bb5 Ndf6 16. Ne5 Bb7
17. Be2 Rac8 18. f3 Ng5 19. Kf2 Rfe8 20. Bb5 Red8 21. Kg3 a6
22. Bd3 Rd6 23. Bf5 Rc7 24. Kf2 Bc8 25. Bd3 Nd7 26. Bg3 Ra7
27. h4 c4 28. Bc2 Ne6 29. Ng6 fxg6 30. Bxd6 Kf7 31. h5 Ndf8
32. hxg6+ Nxg6 33. Rb1 b5 34. f4 Ne7 35. g4 Rd7 36. Bxe7 Kxe7
37. a4 Rb7 38. axb5 axb5 39. Kg3 Bd7 40. e4 Kd6 41. exd5 Kxd5
42. Rhe1 Kd6 43. Be4 Rb8 44. Bf5 Rb6 45. Ra1 Nc7 46. Bxd7 Kxd7
47. Re5 Kd6 48. g5 Nd5 49. gxh6 gxh6 50. Rh1 Nxc3 51. Rxh6+
Kc7 52. Re7+ Kd8 53. Rhh7 b4 54. Reg7 Re6 55. Rc7 Ne4+ 56. Kf3
c3 57. Rb7 Nd2+ 58. Kg4 Rc6 59. Rh8# 1-0

[Event "FIDE Online Olympiad"]
[Site "Chess.com"]
[Date "2020.08.22"]
[EventDate "2020.08.21"]
[Round "4"]
[Result "1-0"]
[White "Yaniela Forgas Moreno"]
[Black "Oksana Golubeva"]
[WhiteElo "2189"]
[BlackElo "2179"]
[Source "Chess-Results"]
[PlyCount "153"]

1. e4 e6 2. d4 d5 3. Nc3 Be7 4. exd5 exd5 5. Bd3 Nc6 6. Be3
Bf6 7. Nf3 Bg4 8. Bb5 Ne7 9. h3 Bxf3 10. Qxf3 O-O 11. O-O-O a6
12. Ba4 Na5 13. g4 b5 14. Bb3 b4 15. Na4 Nxb3+ 16. axb3 Ng6
17. h4 Bxh4 18. Qh3 Re8 19. f4 Rxe3 20. Qxe3 Nxf4 21. Kb1 Bg5
22. Qf3 h6 23. Rde1 Qd6 24. Nc5 a5 25. Rhf1 Qf6 26. Re5 Qg6
27. Rf5 Ne6 28. Rxf7 Nxd4 29. Qxd5 Kh7 30. Qxa8 Nxc2 31. Qe4
Ne3 32. Qxg6+ Kxg6 33. R1f3 Nxg4 34. Rxc7 Ne5 35. Rf1 Bd8
36. Rb7 Ng4 37. Ne6 Bf6 38. Rb5 Ne5 39. Rxa5 h5 40. Ra7 h4
41. Nxg7 h3 42. Ne8 Bg5 43. Rg7+ Kh6 44. Rg8 Ng6 45. Rh1 Kh7
46. Rg7+ Kh6 47. Rxh3+ Nh4 48. Rg8 Kh5 49. Rh8+ Kg4 50. R8xh4+
Bxh4 51. Rxh4+ Kxh4 52. Kc2 Kg5 53. Kd3 Kf5 54. Kc4 Ke6
55. Kxb4 Ke7 56. Nc7 Kd7 57. Na6 Kc6 58. Ka5 Kb7 59. b4 Ka7
60. b5 Kb7 61. b6 Ka8 62. Nc5 Kb8 63. Ka6 Ka8 64. b7+ Kb8
65. Nd7+ Kc7 66. b8=Q+ Kc6 67. Qb6+ Kd5 68. Kb5 Ke4 69. Qd6
Kf5 70. Kc4 Ke4 71. Qe5+ Kf3 72. Kd3 Kg4 73. Ke3 Kh3 74. Kf3
Kh4 75. Qg7 Kh5 76. Kf4 Kh4 77. Qg4# 1-0

[Event "FIDE Online Olympiad"]
[Site "Chess.com"]
[Date "2020.08.22"]
[EventDate "2020.08.21"]
[Round "4"]
[Result "1-0"]
[White "Maili-Jade Ouellet"]
[Black "Roxangel Obregon Garcia"]
[WhiteElo "2113"]
[BlackElo "2138"]
[Source "Chess-Results"]
[PlyCount "59"]

1. d4 d5 2. c4 c6 3. Nf3 Nf6 4. Nc3 e6 5. Bg5 Be7 6. e3 Nbd7
7. cxd5 exd5 8. Bd3 Ne4 9. Bf4 f5 10. Qc2 O-O 11. O-O Qe8
12. Ne5 g5 13. Nxd7 Bxd7 14. Be5 Bf6 15. f4 g4 16. Rab1 Rc8
17. Bxe4 fxe4 18. Qb3 Kh8 19. Qxb7 Rf7 20. Qxa7 h5 21. Qa6 Kg7
22. b4 h4 23. Qe2 Bf5 24. b5 cxb5 25. Nxb5 Bxe5 26. fxe5 g3
27. Nd6 gxh2+ 28. Kh1 Qe6 29. Rxf5 Rxf5 30. Qg4+ 1-0

[Event "FIDE Online Olympiad"]
[Site "Chess.com"]
[Date "2020.08.22"]
[EventDate "2020.08.21"]
[Round "4"]
[Result "1-0"]
[White "Nikolas Theodorou"]
[Black "German Gonzalo Quirhuayo Chumbe"]
[WhiteElo "2559"]
[BlackElo "2396"]
[Source "Chess-Results"]
[PlyCount "91"]

1. d4 Nf6 2. c4 g6 3. Nc3 Bg7 4. g3 O-O 5. Bg2 d6 6. Nf3 Nc6
7. O-O a6 8. d5 Na5 9. b3 c5 10. dxc6 Nxc6 11. Bg5 h6 12. Be3
Bd7 13. Rc1 Qa5 14. h3 b5 15. Nd5 Nxd5 16. cxd5 Nb4 17. Qd2
Kh7 18. Nd4 Rac8 19. Nc6 Bxc6 20. dxc6 Rc7 21. a3 Qxa3 22. Bb6
Rcc8 23. c7 Na2 24. Ra1 Bxa1 25. Rxa1 Qxb3 26. Qxa2 Qc3
27. Qxa6 b4 28. Qa5 Qc4 29. Rb1 b3 30. Bd5 Qxe2 31. Rxb3 e6
32. Bf3 Qc2 33. Qc3 Qf5 34. Kg2 d5 35. Qd4 h5 36. Rc3 Ra8
37. Qf4 Qxf4 38. gxf4 Rfc8 39. Be2 d4 40. Bxd4 Ra4 41. Be5 f6
42. Bxf6 Rxf4 43. Ba6 Ra8 44. Bd8 Rd4 45. c8=Q Rxc8 46. Rxc8
1-0

[Event "FIDE Online Olympiad"]
[Site "Chess.com"]
[Date "2020.08.22"]
[EventDate "2020.08.21"]
[Round "4"]
[Result "1-0"]
[White "Fiorella Contreras Huaman"]
[Black "Anastasia Avramidou"]
[WhiteElo "1730"]
[BlackElo "2052"]
[Source "Chess-Results"]
[PlyCount "91"]

1. e4 g6 2. Nc3 Bg7 3. g3 c5 4. Bg2 Nc6 5. d3 e6 6. Be3 Nd4
7. Qd2 Ne7 8. Nce2 d5 9. c3 Nxe2 10. Nxe2 d4 11. Bh6 dxc3
12. bxc3 Bxh6 13. Qxh6 Qxd3 14. Rd1 Qa6 15. Qg7 Rg8 16. Qe5
Bd7 17. Qxc5 Rc8 18. Qe3 Bb5 19. Bf3 Qa5 20. O-O Bxe2 21. Bxe2
f6 22. Rd6 Kf7 23. Bg4 Rxc3 24. Bxe6+ Kg7 25. Qd4 Qe5 26. Qxe5
fxe5 27. Bxg8 Nxg8 28. Rd7+ Kf6 29. Rxb7 a5 30. Rb6+ Kg5
31. Rb5 a4 32. Rxe5+ Kf6 33. Ra5 Ra3 34. Rc1 Rxa2 35. Rc6+ Kg7
36. Rca6 Nf6 37. Rxa4 Rd2 38. e5 Nd5 39. Ra7+ Kh6 40. Rh4+ Kg5
41. Rhxh7 Kf5 42. Rhg7 Kxe5 43. Rxg6 Nc3 44. Ra5+ Nd5 45. Rg5+
Ke6 46. Rgxd5 1-0

[Event "FIDE Online Olympiad"]
[Site "Chess.com"]
[Date "2020.08.22"]
[EventDate "2020.08.21"]
[Round "4"]
[Result "1-0"]
[White "Alicja Sliwicka"]
[Black "Paula Oviedo Acosta"]
[WhiteElo "2059"]
[BlackElo "1311"]
[Source "Chess-Results"]
[PlyCount "27"]

1. e4 c5 2. Nf3 e6 3. d4 cxd4 4. Nxd4 a6 5. Bd3 Bc5 6. Nb3 Be7
7. O-O d6 8. f4 Nd7 9. Nc3 Ngf6 10. Qf3 Qc7 11. Bd2 O-O
12. Rae1 e5 13. Kh1 b5 14. Nd5 1-0

[Event "FIDE Online Olympiad"]
[Site "Chess.com"]
[Date "2020.08.22"]
[EventDate "2020.08.21"]
[Round "4"]
[Result "1-0"]
[White "Anapaola S Borda Rodas"]
[Black "Maria Palma"]
[WhiteElo "1994"]
[BlackElo "1942"]
[Source "Chess-Results"]
[PlyCount "57"]

1. e4 e6 2. d4 d5 3. Nc3 Nc6 4. Nf3 Nf6 5. Bd3 Nb4 6. Bg5 dxe4
7. Nxe4 Nxd3+ 8. Qxd3 Be7 9. h4 Bd7 10. Ne5 Nxe4 11. Qxe4 f6
12. Nxd7 Qxd7 13. Bf4 O-O-O 14. O-O-O Bd6 15. Bxd6 Qxd6
16. Kb1 g6 17. h5 f5 18. Qe3 Rde8 19. d5 Kb8 20. dxe6 Qb6
21. Qe5 gxh5 22. f4 Kc8 23. Rhe1 Rhg8 24. Qxf5 Rgf8 25. Qxh7
Rh8 26. Qd7+ Kb8 27. e7 c6 28. f5 Qc7 29. f6 1-0

[Event "FIDE Online Olympiad"]
[Site "Chess.com"]
[Date "2020.08.22"]
[EventDate "2020.08.21"]
[Round "4"]
[Result "1-0"]
[White "Samuel Shankland"]
[Black "Andre Diamant"]
[WhiteElo "2609"]
[BlackElo "2446"]
[Source "Chess-Results"]
[PlyCount "105"]

1. e4 c5 2. Nf3 Nc6 3. d4 cxd4 4. Nxd4 Nf6 5. Nc3 e5 6. Ndb5
d6 7. Bg5 a6 8. Na3 b5 9. Bxf6 gxf6 10. Nd5 Bg7 11. Bd3 Ne7
12. c4 Nxd5 13. cxd5 f5 14. Qc2 Qa5+ 15. Kf1 fxe4 16. Bxe4 Bd7
17. Bf5 Bxf5 18. Qxf5 O-O 19. h4 b4 20. Nc4 Qxd5 21. Ne3 Qb5+
22. Kg1 e4 23. Qxe4 f5 24. Qf3 Rae8 25. Rd1 f4 26. Nd5 Qe2
27. Rh3 Qxb2 28. Nc7 Re5 29. Nxa6 Kh8 30. Qb3 Qe2 31. Nxb4 Re4
32. a3 f3 33. Rxf3 Rxf3 34. Qxf3 Qxf3 35. gxf3 Rxh4 36. Rxd6
Bb2 37. Nc2 Rc4 38. Ne3 Rc1+ 39. Kg2 Bxa3 40. Rd7 Rc5 41. f4
Kg8 42. Kf3 Bb2 43. Ke4 Bc1 44. Nd5 Bb2 45. f5 Rc4+ 46. Kf3
Rc5 47. f6 Kf8 48. Ke4 Rc2 49. f4 h5 50. Kf5 h4 51. Rh7 Rc5
52. Kg6 Bxf6 53. Nxf6 1-0

[Event "FIDE Online Olympiad"]
[Site "Chess.com"]
[Date "2020.08.22"]
[EventDate "2020.08.21"]
[Round "4"]
[Result "1-0"]
[White "Tatev Abrahamyan"]
[Black "Kathie Goulart Librelato"]
[WhiteElo "2358"]
[BlackElo "1966"]
[Source "Chess-Results"]
[PlyCount "79"]

1. e4 e5 2. Nf3 Nc6 3. Bc4 Nf6 4. d3 Bc5 5. O-O d6 6. c3 a6
7. Bb3 h6 8. Nbd2 Ba7 9. Re1 O-O 10. Nf1 Be6 11. Ng3 d5
12. Qe2 Re8 13. h3 Qd7 14. Bc2 Rad8 15. Nh2 d4 16. Qf3 b5
17. Bxh6 dxc3 18. bxc3 b4 19. Bg5 bxc3 20. Bxf6 Nd4 21. Qh5
gxf6 22. Qh6 f5 23. Nh5 f6 24. Nxf6+ Kf7 25. Nxd7 Rxd7 26. Ba4
c6 27. exf5 Bxf5 28. Ng4 Bxg4 29. hxg4 Re6 30. Qh7+ Ke8
31. Qh8+ Ke7 32. Rxe5 Kd6 33. Rae1 Rg6 34. Qf8+ Kc7 35. Re7
Rd6 36. Rxd7+ Rxd7 37. Re7 c2 38. Rxd7+ Kxd7 39. Bxc2 Nxc2
40. Qf7+ 1-0

[Event "FIDE Online Olympiad"]
[Site "Chess.com"]
[Date "2020.08.22"]
[EventDate "2020.08.21"]
[Round "5"]
[Result "1-0"]
[White "Wesley So"]
[Black "Yasser Quesada Perez"]
[WhiteElo "2741"]
[BlackElo "2438"]
[Source "Chess-Results"]
[PlyCount "53"]

1. e4 e5 2. Nf3 Nf6 3. d4 Nxe4 4. Bd3 d5 5. Nxe5 Bd6 6. O-O
O-O 7. c4 c5 8. cxd5 Nf6 9. Bg5 cxd4 10. Re1 Be7 11. Nd2 Nxd5
12. Qh5 g6 13. Nxg6 fxg6 14. Bxg6 hxg6 15. Qxg6+ Kh8 16. Qh5+
Kg8 17. Qg6+ Kh8 18. Qh5+ Kg8 19. Bh6 Rf6 20. Re5 Rd6 21. Rxd5
Bf8 22. Rg5+ Qxg5 23. Qxg5+ Kf7 24. Qh5+ Kg8 25. Bxf8 Kxf8
26. Qh8+ Kf7 27. Qxc8 1-0

[Event "FIDE Online Olympiad"]
[Site "Chess.com"]
[Date "2020.08.22"]
[EventDate "2020.08.21"]
[Round "5"]
[Result "1-0"]
[White "Carissa Shiwen Yip"]
[Black "Lisandra Teresa Ordaz Valdes"]
[WhiteElo "2421"]
[BlackElo "2290"]
[Source "Chess-Results"]
[PlyCount "99"]

1. e4 e5 2. Nf3 Nc6 3. d4 exd4 4. Bc4 Bc5 5. c3 Nf6 6. e5 d5
7. Bb5 Ne4 8. cxd4 Bb6 9. O-O O-O 10. Nc3 Bg4 11. Be3 f6
12. exf6 Nxc3 13. bxc3 Qxf6 14. Be2 Rae8 15. h3 Bxf3 16. Bxf3
Ne7 17. Qd2 c6 18. Bh5 Ng6 19. Rab1 Qd6 20. Rfe1 Bc7 21. g3 b5
22. Bg5 Re4 23. Rxe4 dxe4 24. Bd1 h6 25. Be3 Kh7 26. Bc2 Qe6
27. Kg2 Rf3 28. Rh1 Rf8 29. Qd1 Kh8 30. Qg4 Qxg4 31. hxg4 Ne7
32. Bxe4 Kg8 33. Rb1 a6 34. g5 Nd5 35. Bxd5+ cxd5 36. gxh6
gxh6 37. Bxh6 Rc8 38. Bd2 Ba5 39. Re1 Rc6 40. g4 Bc7 41. g5
Kf7 42. Rh1 Kg7 43. Rh6 Rg6 44. Kf3 Bd8 45. Rxg6+ Kxg6 46. Kg4
a5 47. f4 Be7 48. f5+ Kf7 49. f6 Bf8 50. Kf5 1-0

[Event "FIDE Online Olympiad"]
[Site "Chess.com"]
[Date "2020.08.22"]
[EventDate "2020.08.21"]
[Round "5"]
[Result "1-0"]
[White "Alexandr Hilario Takeda dos Santos Fier"]
[Black "Pablo Ismael Acosta"]
[WhiteElo "2531"]
[BlackElo "2377"]
[Source "Chess-Results"]
[PlyCount "173"]

1. e4 e6 2. d4 d5 3. Nd2 c5 4. exd5 Qxd5 5. dxc5 Nf6 6. Nb3
Qxd1+ 7. Kxd1 Bd7 8. Nf3 Ba4 9. Ne5 Nbd7 10. Nd3 O-O-O 11. Ke1
a6 12. Be2 e5 13. f3 Bxb3 14. axb3 Bxc5 15. Nxc5 Nxc5 16. Ra5
Nfd7 17. Bc4 e4 18. b4 Ne6 19. fxe4 Rhe8 20. Bd3 Nd4 21. Rd5
Nc6 22. c3 Nf6 23. Rxd8+ Nxd8 24. Rf1 Nxe4 25. Kd1 h6 26. Kc2
Nd6 27. Bf4 Ne4 28. Re1 Nf6 29. Bf5+ Ne6 30. Be5 Nd7 31. Bg3
Ndf8 32. Bd3 g6 33. b5 axb5 34. Bxb5 Rd8 35. Re4 Rd5 36. Re5
Rxe5 37. Bxe5 Nd7 38. Bd6 Nf6 39. b4 h5 40. Be7 Nd5 41. Bd6
Ne3+ 42. Kb3 Nxg2 43. Be8 Nd8 44. c4 h4 45. c5 g5 46. b5 g4
47. c6 bxc6 48. bxc6 Ne6 49. Kb4 g3 50. Bxf7 Nd8 51. Be8 Nxc6+
52. Bxc6 Ne3 53. h3 Nd1 54. Bg2 Kd7 55. Bc5 Nf2 56. Kc3 Ke6
57. Kd4 Kf5 58. Ke3 Ng4+ 59. hxg4+ Kxg4 60. Bc6 Kh3 61. Ke2
Kg4 62. Bd7+ Kf4 63. Be7 h3 64. Bxh3 g2 65. Bxg2 Kg4 66. Bd6
Kf5 67. Bd5 Kg4 68. Kf2 Kf5 69. Kf3 Kg5 70. Be6 Kf6 71. Bd7
Kg5 72. Kg3 Kf6 73. Kg4 Kg6 74. Be7 Kf7 75. Bd8 Kg6 76. Be6
Kh6 77. Kf5 Kh5 78. Be7 Kh6 79. Bf7 Kg7 80. Be8 Kh6 81. Bf8+
Kh7 82. Kg5 Kg8 83. Bh6 Kh7 84. Bd7 Kg8 85. Kg6 Kh8 86. Bg7+
Kg8 87. Be6# 1-0

[Event "FIDE Online Olympiad"]
[Site "Chess.com"]
[Date "2020.08.22"]
[EventDate "2020.08.21"]
[Round "5"]
[Result "1-0"]
[White "Julia Alboredo"]
[Black "Candela Be Francisco Guecamburu"]
[WhiteElo "1890"]
[BlackElo "1904"]
[Source "Chess-Results"]
[PlyCount "87"]

1. e4 c5 2. Nf3 g6 3. d4 cxd4 4. Nxd4 Bg7 5. c4 Nc6 6. Be3 Nf6
7. Nc3 d6 8. Be2 O-O 9. O-O Bd7 10. h3 Nxd4 11. Bxd4 Bc6
12. Qc2 a5 13. Rad1 Nd7 14. Bxg7 Kxg7 15. Bg4 Nc5 16. e5 f5
17. Be2 f4 18. Nd5 Ra6 19. exd6 exd6 20. Bf3 Bxd5 21. Rxd5 Qf6
22. b3 Rb6 23. Qd2 a4 24. b4 Na6 25. a3 Nc7 26. Rd4 Ne8
27. Re1 Kh8 28. c5 dxc5 29. bxc5 Re6 30. Rxe6 Qxe6 31. Rxf4
Nf6 32. Qd6 Qe1+ 33. Kh2 Kg7 34. Bxb7 g5 35. Rf5 h6 36. Bd5
Qe2 37. c6 Qh5 38. Qe7+ Kg6 39. Qe6 Qd1 40. c7 Qc2 41. Rxf6+
Rxf6 42. Be4+ Kg7 43. Bxc2 Rxe6 44. c8=Q 1-0

[Event "FIDE Online Olympiad"]
[Site "Chess.com"]
[Date "2020.08.22"]
[EventDate "2020.08.21"]
[Round "5"]
[Result "1-0"]
[White "Lucas Coro"]
[Black "Victor Labussiere"]
[WhiteElo "2021"]
[BlackElo "1940"]
[Source "Chess-Results"]
[PlyCount "119"]

1. e4 c5 2. Nf3 Nc6 3. Bb5 g6 4. O-O Bg7 5. Re1 Nf6 6. c3 O-O
7. d4 cxd4 8. cxd4 d5 9. e5 Ne4 10. Bxc6 bxc6 11. Be3 f6
12. Nbd2 Bg4 13. exf6 exf6 14. Qc2 Nxd2 15. Nxd2 Bd7 16. Nb3
Re8 17. Rac1 Bf8 18. Nc5 Bf5 19. Qa4 Qb6 20. b3 g5 21. h3 h5
22. Qa3 Kg7 23. Qb2 a5 24. Qe2 Bg6 25. h4 gxh4 26. Qf3 Bxc5
27. Rxc5 Re6 28. Bh6+ Kf7 29. Rxe6 Kxe6 30. Qh3+ Ke7 31. Qxh4
Re8 32. Bg7 Kd7 33. Bxf6 Qb4 34. Qg5 Qe1+ 35. Kh2 Qe4 36. Be5
Qf5 37. Qxf5+ Bxf5 38. Rxa5 Ke6 39. Ra6 Rc8 40. Kg3 Be4 41. f3
Bd3 42. Rb6 Bf1 43. Kf2 Bd3 44. a4 Kf5 45. a5 Bb5 46. Rb7 Ra8
47. b4 Bc4 48. Rf7+ Kg5 49. Rf6 Bb5 50. Kg3 h4+ 51. Kh3 Re8
52. f4+ Kh5 53. Rf5+ Kg6 54. Rg5+ Kf7 55. Kxh4 Ke6 56. f5+ Kf7
57. Rg7+ Kf8 58. f6 Rc8 59. Bd6+ Ke8 60. f7+ 1-0

[Event "FIDE Online Olympiad"]
[Site "Chess.com"]
[Date "2020.08.22"]
[EventDate "2020.08.21"]
[Round "5"]
[Result "1-0"]
[White "Beatriz Maria Frattini"]
[Black "Anapaola S Borda Rodas"]
[WhiteElo "1717"]
[BlackElo "1994"]
[Source "Chess-Results"]
[PlyCount "101"]

1. e4 e5 2. Nf3 Nc6 3. Bb5 a6 4. Ba4 Nf6 5. O-O b5 6. Bb3 Bc5
7. c3 d6 8. a4 Rb8 9. d4 Bb6 10. a5 Ba7 11. Be3 Ra8 12. dxe5
Nxe5 13. Nxe5 dxe5 14. Qxd8+ Kxd8 15. Bxf7 Bxe3 16. fxe3 Bb7
17. Rf5 Ke7 18. Bd5 Bxd5 19. exd5 Nxd5 20. Rxe5+ Kd6 21. Rg5
Nxe3 22. Rxg7 Nc2 23. Ra2 Rae8 24. Nd2 Re1+ 25. Kf2 Rhe8
26. Nf3 R1e2+ 27. Kf1 b4 28. b3 bxc3 29. Rxh7 Nd4 30. Rxe2
Nxe2 31. Rh6+ Kc5 32. Ne1 Nd4 33. Nd3+ Kd5 34. Rh5+ Ke4
35. Nc5+ Ke3 36. Rh3+ Kd2 37. Rd3+ Kc2 38. Rxd4 Kb1 39. Rc4 c2
40. Nd3 Rd8 41. Ke2 Re8+ 42. Kd2 Rg8 43. g3 Rh8 44. h4 Rg8
45. g4 Rf8 46. Rxc2 Rf3 47. Rc1+ Ka2 48. Kc3 Rg3 49. g5 Rh3
50. Rg1 Rxh4 51. g6 1-0

[Event "FIDE Online Olympiad"]
[Site "Chess.com"]
[Date "2020.08.22"]
[EventDate "2020.08.21"]
[Round "5"]
[Result "1-0"]
[White "Marina Brunello"]
[Black "Iweta Radziewicz Rajlich"]
[WhiteElo "2316"]
[BlackElo "2381"]
[Source "Chess-Results"]
[PlyCount "55"]

1. e4 e6 2. d4 d5 3. e5 c5 4. c3 Nc6 5. Nf3 Qb6 6. Be2 cxd4
7. cxd4 Nh6 8. Bxh6 Qxb2 9. Nbd2 gxh6 10. Nb3 Bb4+ 11. Kf1 Qa3
12. h4 Bd7 13. Rh3 O-O-O 14. Rb1 Rhg8 15. Nfd2 Rg7 16. Nc5
Qxa2 17. Ndb3 Rdg8 18. g4 Bxc5 19. Nxc5 b6 20. Rhb3 bxc5
21. Ra1 Qxe2+ 22. Qxe2 Rxg4 23. Qa6+ Kd8 24. Rb7 Rg1+ 25. Ke2
Nxd4+ 26. Kd2 Rxa1 27. Rb8+ Kc7 28. Qd6# 1-0